| 000 | 00541nam a2200181Ia 4500 | ||
|---|---|---|---|
| 001 | 18019 | ||
| 005 | 20260306171600.0 | ||
| 008 | 260306s9999||||xx |||||||||||||| ||und|| | ||
| 041 | _aESP | ||
| 082 |
_a658.314 _bC48 |
||
| 100 |
_aCerejido, Inmmaculada _eAUT |
||
| 245 | 0 |
_aDesmotivados = improductivos: _bla verdaderas razones de la falta de productividad. Cómo mejorar la competitividad con el compromiso de todos |
|
| 260 | _c2012 | ||
| 300 |
_a159 páginas : _c21cm. |
||
| 650 | _aGEN | ||
| 654 | _aCAN | ||
| 942 |
_cLIB _dJUS _fJUS _2ddc _n |
||
| 999 |
_c18019 _d18019 |
||